000 00285nam a2200109Ia 4500
001 1276661
005 20260417160451.0
008 260417s9999 xx 000 0 und d
020 _a9789944693899
245 0 _aTuhaf Yaratıklar Çiftliği
_cMehmet Atilla
260 _bTudem Yayınları
999 _c1276661
_d1276661